Handbook of electrical power distribution/ (Record no. 664)
[ view plain ]
| 000 -LEADER | |
|---|---|
| Fixed length control field | 00473nam a2200169 4500 |
| 003 - CONTROL NUMBER IDENTIFIER | |
| Control field | SEACOMEC |
| 005 - DATE AND TIME OF LATEST TRANSACTION | |
| Control field | 20250113133600.0 |
| 008 - FIXED-LENGTH DATA ELEMENTS--GENERAL INFORMATION | |
| Fixed length control field | 240220b |||||||| |||| 00| 0 eng d |
| 020 ## - INTERNATIONAL STANDARD BOOK NUMBER / ISBN | |
| Price | Rs.595.00 |
| International Standard Book Number | 8173713960 |
| 040 ## - CATALOGING SOURCE | |
| Original cataloging agency | SEACOMEC |
| 082 ## - DEWEY DECIMAL CLASSIFICATION NUMBER | |
| Classification number | 621.3191 |
| Book Number | R165 |
| 100 ## - MAIN ENTRY--PERSONAL NAME | |
| Personal name | Ramamurthy,G. |
| 245 1# - TITLE STATEMENT | |
| Title | Handbook of electrical power distribution/ |
| Statement of responsibility | G.Ramamurthy |
| 260 ## - IMPRINT | |
| Place of publication | Hyderabad |
| Name of publisher | Universities press |
| Date of publication | 2005 |
| 650 ## - SUBJECT ADDED ENTRY--TOPICAL TERM | |
| Topical term | Language,Standard English usage |
| 942 ## - ADDED ENTRY ELEMENTS (KOHA) | |
| Koha item type | Books |
| Withdrawn status | Lost status | Source of classification | Damaged status | Not for loan | Home library | Current library | Date acquired | Total Checkouts | Call number | Accession number | Date last seen | Price effective from | Koha item type | Copy number |
|---|---|---|---|---|---|---|---|---|---|---|---|---|---|---|
| Dewey Decimal Classification | SEACOM ENGINEERING COLLEGE | SEACOM ENGINEERING COLLEGE | 08/06/2006 | 621.3191 R165 | 02677 | 20/02/2024 | 20/02/2024 | Books | ||||||
| Dewey Decimal Classification | SEACOM ENGINEERING COLLEGE | SEACOM ENGINEERING COLLEGE | 08/06/2006 | 621.3191 R165 | 02678 | 20/02/2024 | 20/02/2024 | Books | 1 | |||||
| Dewey Decimal Classification | SEACOM ENGINEERING COLLEGE | SEACOM ENGINEERING COLLEGE | 08/06/2006 | 621.3191 R165 | 02679 | 20/02/2024 | 20/02/2024 | Books | 2 | |||||
| Dewey Decimal Classification | SEACOM ENGINEERING COLLEGE | SEACOM ENGINEERING COLLEGE | 22/07/2008 | 621.3191 R165 | 11646 | 13/01/2025 | 13/01/2025 | Books | 3 | |||||
| Dewey Decimal Classification | SEACOM ENGINEERING COLLEGE | SEACOM ENGINEERING COLLEGE | 22/07/2008 | 621.3191 R165 | 11647 | 13/01/2025 | 13/01/2025 | Books | 4 | |||||
| Dewey Decimal Classification | SEACOM ENGINEERING COLLEGE | SEACOM ENGINEERING COLLEGE | 22/07/2008 | 621.3191 R165 | 11648 | 13/01/2025 | 13/01/2025 | Books | 5 | |||||
| Dewey Decimal Classification | SEACOM ENGINEERING COLLEGE | SEACOM ENGINEERING COLLEGE | 22/07/2008 | 621.3191 R165 | 11649 | 13/01/2025 | 13/01/2025 | Books | 6 |
